Cytochemistry (Record no. 17320)
[ view plain ]
| 000 -LEADER | |
|---|---|
| fixed length control field | 00694cam a22002533u 4500 |
| 001 - CONTROL NUMBER | |
| control field | 8565610 |
| 003 - CONTROL NUMBER IDENTIFIER | |
| control field | OSt |
| 005 - DATE AND TIME OF LATEST TRANSACTION | |
| control field | 20170105103507.0 |
| 006 - FIXED-LENGTH DATA ELEMENTS--ADDITIONAL MATERIAL CHARACTERISTICS | |
| fixed length control field | m d |
| 007 - PHYSICAL DESCRIPTION FIXED FIELD--GENERAL INFORMATION | |
| fixed length control field | cr n |
| 008 - FIXED-LENGTH DATA ELEMENTS--GENERAL INFORMATION | |
| fixed length control field | 110315s1953 ||||||||s|||||||| ||||| d |
| 020 ## - INTERNATIONAL STANDARD BOOK NUMBER | |
| International Standard Book Number | 978-81-8356-563-9 |
| 040 ## - CATALOGING SOURCE | |
| Original cataloging agency | ASAB |
| Transcribing agency | ASAB |
| Modifying agency | ASAB |
| 082 ## - DEWEY DECIMAL CLASSIFICATION NUMBER | |
| Classification number | 611 |
| 100 1# - MAIN ENTRY--PERSONAL NAME | |
| Personal name | M. Prakash |
| 9 (RLIN) | 1108 |
| 210 10 - ABBREVIATED TITLE | |
| Abbreviated title | Cytochemistry |
| 245 10 - TITLE STATEMENT | |
| Title | Cytochemistry |
| Statement of responsibility, etc. | M. Prakash |
| 260 ## - PUBLICATION, DISTRIBUTION, ETC. | |
| Place of publication, distribution, etc. | new delhi |
| Name of publisher, distributor, etc. | Discovery publishing house pvt ltd. |
| Date of publication, distribution, etc. | 1953. |
| 300 ## - PHYSICAL DESCRIPTION | |
| Extent | 275 |
| 500 ## - GENERAL NOTE | |
| General note | Title from content provider. |
| 506 ## - RESTRICTIONS ON ACCESS NOTE | |
| Terms governing access | License restrictions may limit access. |
| 910 ## - USER-OPTION DATA (OCLC) | |
| User-option data | Serials Solutions supplemental brief record |
| 942 ## - ADDED ENTRY ELEMENTS (KOHA) | |
| Source of classification or shelving scheme | |
| Koha item type | Book |
| Withdrawn status | Lost status | Source of classification or shelving scheme | Damaged status | Not for loan | Collection code | Permanent Location | Current Location | Date acquired | Total Checkouts | Full call number | Barcode | Date last seen | Price effective from | Koha item type |
|---|---|---|---|---|---|---|---|---|---|---|---|---|---|---|
| Central Library (CL) | Central Library (CL) | 09/11/2015 | 611 PRA | ASAB1775 | 09/11/2015 | 09/11/2015 | Book |
